| 000 | 00629nam a22001937a 4500 | ||
|---|---|---|---|
| 005 | 20231116115848.0 | ||
| 010 | _aENG-138396 | ||
| 020 |
_c795.00 _a9789357022361 |
||
| 035 | _aEN-121928 | ||
| 037 | _bDBAD | ||
| 082 |
_a338.1620954 _2First |
||
| 100 |
_aMitra, Aarnab _958759 |
||
| 245 |
_aThe Joys of Crisis: _bHow U.S Awasthi Scripted The Rise of IFFCO/ _cBy Aarnab Mitra _hEnglish |
||
| 250 | _aFirst | ||
| 260 |
_bRupa Publications Inda Pvt Ltd _c2023 _aNew Delhi |
||
| 270 |
_a7/16, Ansari Road Darya Ganj _bNew Delhi _e110002 |
||
| 300 |
_a234p. _c22cm(hbk) _bill. |
||
| 942 |
_2ddc _cEN _h338.1620954 _mMIT |
||
| 999 |
_c199110 _d199110 |
||